Tribhuvan University Central Library

Mastering windows 95 (Record no. 22763)

MARC details
000 -LEADER
fixed length control field 006010000a22002650004500
082 ## - DEWEY DECIMAL CLASSIFICATION NUMBER
Classification number 005.3
Item number C839m
-- T
020 ## - INTERNATIONAL STANDARD BOOK NUMBER
International Standard Book Number 81-7029-641-2
041 ## - LANGUAGE CODE
Language code of text/sound track or separate title Eng
100 ## - MAIN ENTRY--PERSONAL NAME
Personal name Cowart, Robert
245 ## - TITLE STATEMENT
Title Mastering windows 95
260 ## - PUBLICATION, DISTRIBUTION, ETC. (IMPRINT)
Place of publication, distribution, etc New Delhi
Name of publisher, distributor, etc BPB Pub, India
260 ## - PUBLICATION, DISTRIBUTION, ETC. (IMPRINT)
Date of publication, distribution, etc 1995
300 ## - PHYSICAL DESCRIPTION
Extent xxxiii, 115p.
518 ## - DATE/TIME AND PLACE OF AN EVENT NOTE
Date/time and place of an event note 20001129
530 ## - ADDITIONAL PHYSICAL FORM AVAILABLE NOTE
Additional physical form available note M
650 ## - SUBJECT ADDED ENTRY--TOPICAL TERM
Topical term or geographic name as entry element Computer programs
650 ## - SUBJECT ADDED ENTRY--TOPICAL TERM
Topical term or geographic name as entry element Communication
650 ## - SUBJECT ADDED ENTRY--TOPICAL TERM
Topical term or geographic name as entry element Networking
650 ## - SUBJECT ADDED ENTRY--TOPICAL TERM
Topical term or geographic name as entry element Internet
650 ## - SUBJECT ADDED ENTRY--TOPICAL TERM
Topical term or geographic name as entry element Computer software
650 ## - SUBJECT ADDED ENTRY--TOPICAL TERM
Topical term or geographic name as entry element Computer programming
650 ## - SUBJECT ADDED ENTRY--TOPICAL TERM
Topical term or geographic name as entry element Computers
650 ## - SUBJECT ADDED ENTRY--TOPICAL TERM
Topical term or geographic name as entry element Windows 95
942 ## - ADDED ENTRY ELEMENTS (KOHA)
Koha item type General Collections
Holdings
Withdrawn status Lost status Damaged status Not for loan Home library Current library Date acquired Total Checkouts Barcode Date last seen Price effective from
        Tribhuvan University Central Library Tribhuvan University Central Library 06/20/2010   G51289 06/20/2010 06/20/2010
        Tribhuvan University Central Library Tribhuvan University Central Library 06/20/2010   G51290 06/20/2010 06/20/2010